000 00602nam a2200193Ia 4500
005 20250508162259.0
008 008 250505s9999 xx 000 0 eng d
037 _aDissertations
040 _aFEDL
_beng
_cFEDL
041 _aeng
_2eng
084 _a370.7, BHA/DI
_qFEDL
100 _aBhanot Meenu
_9772738
245 0 _aStudy of the relationship between social insight and the different orientations of teachers
260 _c1983
300 _av,146p.
546 _aM. Ed. dissertations, 1981-83 (Delhi University)
942 _cDIS
_h370.7, BHA/DI
999 _c1375564
_d1375564